Visualizzazione normale
Vista MARC
- Rampal Jean Pierre
di Personal Name
Records bibliografici associati: 1
001 - CONTROL NUMBER
- control field: 5671
003 - CONTROL NUMBER IDENTIFIER
- control field: IT-RoPau
005 - DATE AND TIME OF LATEST TRANSACTION
- control field: 20131216221139.0
008 - FIXED-LENGTH DATA ELEMENTS
- fixed length control field: 131216|| aca||aabn | a|a d
040 ## - CATALOGING SOURCE
- Original cataloging agency: IT-RoPau
- Transcribing agency: IT-RoPau
100 ## - HEADING--PERSONAL NAME
- Personal name: Rampal Jean Pierre
- Miscellaneous information: Codice interprete SPICS: 24660
- Relator term: Interprete
670 ## - SOURCE DATA FOUND
- Source citation: Work cat.: (IT-RoPau)99965: AA.VV. 794, Flauto d'oro di Jean-Pierre Rampal (Il)-Lp Gl 37080